|
|
|
|
| LEADER |
01020nam a2200265 a 4500 |
| 001 |
7039 |
| 003 |
BD-DhAAL |
| 005 |
20150212093316.0 |
| 008 |
150212s2000 nyuab b 001 0 eng |
| 010 |
|
|
|a 99029686
|
| 020 |
|
|
|a 0393974782 (pbk.)
|
| 040 |
|
|
|a DLC
|c DLC
|d DLC
|d BD-DhAAL
|
| 050 |
0 |
0 |
|a E840
|b .J46 2000
|
| 082 |
0 |
0 |
|a 327.73
|2 21
|
| 100 |
1 |
|
|a Jentleson, Bruce W.,
|d 1951-
|9 8297
|
| 245 |
1 |
0 |
|a American foreign policy :
|b the dynamics of choice in the 21st century /
|c Bruce W. Jentleson.
|
| 260 |
|
|
|a New York :
|b Norton,
|c c2000.
|
| 300 |
|
|
|a xxiii, 405, 27 p. :
|b ill., maps ;
|c 24 cm.
|
| 504 |
|
|
|a Includes bibliographical references and index.
|
| 541 |
|
|
|e 7039
|
| 651 |
|
0 |
|a United States
|x Foreign relations
|y 1989-
|9 8298
|
| 651 |
|
0 |
|a United States
|x Foreign relations
|y 1989-
|x Forecasting.
|9 8299
|
| 942 |
|
|
|2 ddc
|c BK
|
| 999 |
|
|
|c 33669
|d 33669
|
| 952 |
|
|
|0 0
|1 0
|2 ddc
|4 0
|6 327_730000000000000_JEN
|7 0
|9 52589
|a SCL
|b SCL
|c GEN
|d 2015-02-12
|e Gift: The Asia Foundation
|l 0
|o 327.73 JEN
|p 3020007039
|r 2015-02-12
|t 1
|w 2015-02-12
|y BK
|